ARRUPE JESUIT UNIVERSITY

CORONAVIRUS -STOP THE SPREAD - CLEAN,DISINFECT,COVER

A Refutation of moral relativism (Record no. 8467)

MARC details
000 -LEADER
fixed length control field 00651nam a2200253Ia 4500
003 - CONTROL NUMBER IDENTIFIER
control field 0100
008 - FIXED-LENGTH DATA ELEMENTS--GENERAL INFORMATION
fixed length control field 130303s9999 xx 000 0 und d
020 ## - INTERNATIONAL STANDARD BOOK NUMBER
International Standard Book Number 0898707315
040 ## - CATALOGING SOURCE
Transcribing agency ARRUPELIB
050 ## - LIBRARY OF CONGRESS CALL NUMBER
Classification number BJ37.K74 1999
300 ## - PHYSICAL DESCRIPTION
Other physical details 24cm.
100 ## - MAIN ENTRY--PERSONAL NAME
Personal name Kreeft, Peter
245 #2 - TITLE STATEMENT
Title A Refutation of moral relativism
245 ## - TITLE STATEMENT
Remainder of title interviews with an absolutist
260 ## - PUBLICATION, DISTRIBUTION, ETC. (IMPRINT)
Place of publication, distribution, etc San Francisco
260 ## - PUBLICATION, DISTRIBUTION, ETC. (IMPRINT)
Name of publisher, distributor, etc Ignatius Press
260 ## - PUBLICATION, DISTRIBUTION, ETC. (IMPRINT)
-- 1999
300 ## - PHYSICAL DESCRIPTION
Extent 177p.
650 ## - SUBJECT ADDED ENTRY--TOPICAL TERM
Topical term or geographic name as entry element ETHICS
650 ## - SUBJECT ADDED ENTRY--TOPICAL TERM
Topical term following geographic name as entry element Rhodesia, Southern - Race question
650 ## - SUBJECT ADDED ENTRY--TOPICAL TERM
Location of event Rhodesia, Southern - Politics
650 ## - SUBJECT ADDED ENTRY--TOPICAL TERM
Active dates United Nations - Rhodesia, Southern
942 00 - ADDED ENTRY ELEMENTS (KOHA)
Koha issues (borrowed), all copies 1
Holdings
Withdrawn status Lost status Source of classification or shelving scheme Damaged status Not for loan Collection code Home library Current library Shelving location Date acquired Total Checkouts Full call number Barcode Date last seen Date checked out Copy number Price effective from Koha item type
    Library of Congress Classification     Main Collection ARRUPE LIBRARY ARRUPE LIBRARY   04/03/2013 2 BJ37.K74 1999 46003093754 23/09/2019 20/09/2019 1 04/03/2013 Monograph ( Printed materials)
    Library of Congress Classification     Main Collection ARRUPE LIBRARY ARRUPE LIBRARY   04/03/2013 3 BJ37.K74 1999 46003005902 02/05/2023 26/04/2023 2 04/03/2013 Monograph ( Printed materials)

 

Arrupe Library. PO Box MP320 Mt Pleasant, Harare, Zimbabwe
263 242 745411|librarian@aju.ac.zw